| 000 | 01002nam a22003017a 4500 | ||
|---|---|---|---|
| 003 | CHAP | ||
| 005 | 20220329140614.0 | ||
| 008 | 971013s1972 r 00010 d | ||
| 010 | _a54659 | ||
| 011 | _a55631 | ||
| 035 | _a59783 | ||
| 040 | _cCHAP | ||
| 082 |
_a633.71 _bT8 |
||
| 100 | 0 | 0 |
_aTso, T. C. _9115450 |
| 245 | _aPhysiology and biochemistry of tobacco plants | ||
| 260 |
_aStraudsburg, Pa. : _bDowdem, Hutchinson and Ross, _c1972 |
||
| 300 |
_a393 p. _b: ilus. ; láms. ; gráfs. |
||
| 590 |
_aBATCH-UPD _b10 _c20130110 _lUCH01 _h0823 |
||
| 590 |
_aBATCH-UPD _b10 _c20130410 _lUCH01 _h0500 |
||
| 590 |
_aBATCH-UPD _b10 _c20130914 _lUCH01 _h2041 |
||
| 590 |
_aCONVERSION _b10 _c20130109 _lUCH01 _h1329 |
||
| 650 | 1 | 4 |
_aTabaco _xAnálisis. _9111198 |
| 650 | 1 | 4 |
_aTabaco _xFisiología y morfología. _9111220 |
| 901 | _aBK | ||
| 942 | _cLIBRO | ||
| 949 |
_a633.71 T8 _bBC _cLIBRO _d33724000216115 _eLIBRO _h32925 _i59783 _si |
||
| 949 |
_a633.71 T8 _bBC _cLIBRO _d33724000216123 _eLIBRO _fc.2 _h32998 _i59783 _si |
||
| 999 |
_c54659 _d54659 |
||